Linux For You (2004 - (Record no. 214539)
[ view plain ]
| 000 -LEADER | |
|---|---|
| fixed length control field | 00629nam a2200145Ia 4500 |
| 008 - FIXED-LENGTH DATA ELEMENTS--GENERAL INFORMATION | |
| fixed length control field | 231221s9999 xx 000 0 und d |
| 041 ## - LANGUAGE CODE | |
| Language code of text/sound track or separate title | English |
| 245 #0 - TITLE STATEMENT | |
| Title | Linux For You (2004 - |
| 260 ## - PUBLICATION, DISTRIBUTION, ETC. | |
| Date of publication, distribution, etc. | Dec, 2011 |
| Name of publisher, distributor, etc. | EFYGroup |
| 300 ## - PHYSICAL DESCRIPTION | |
| Dimensions | JN24767 |
| 510 ## - CITATION/REFERENCES NOTE | |
| Name of source | DVD : Fedora 16 - instalation DVD for intel-compatible, 32-bit computers. Codenamed verne, Fedora 16 comes with the latest GNOME 3.2 desktop environment, several updated tools for virtualisation and cloud computing, as well as technical previews of the BTRFS filesystem and Java 7. |
| 650 ## - SUBJECT ADDED ENTRY--TOPICAL TERM | |
| Topical term or geographic name entry element | Computer Science |
| 650 ## - SUBJECT ADDED ENTRY--TOPICAL TERM | |
| Topical term or geographic name entry element | Linux,(2004,-,Computer Science |
| 942 ## - ADDED ENTRY ELEMENTS (KOHA) | |
| Koha item type | Compact Disks |
| Date last seen | Total checkouts | Accession number | Volume/Issue Number | Price effective from | Category | Lost status | Damaged status | Department | Withdrawn status | Home library | Current library | Shelving location | Entry date | Vendor | Grants | Billdate | Currency symbol | Conversion rate | Discount | Old discount |
|---|---|---|---|---|---|---|---|---|---|---|---|---|---|---|---|---|---|---|---|---|
| 26/01/2024 | CD5722 | 9(10) | 26/01/2024 | Compact Disks | Central Library | Central Library | Central Library | Surya Infotainment Products Pvt. Ltd. | CS | 07/02/2017 | RS | 1 |
